000 00899nam a2200265Ia 4500
003 OSt
005 20220923223447.0
006 a|||||r|||| 00| 0
007 ta
008 220922b |||||||| |||| 00| 0 hin d
020 _c90
024 _a216,025
037 _b6750, 01/12/1998, Kitab Ghar
_cTextual
040 _aARTS
_cARTS
_bhin
041 _2hin
_ahin
082 _aQ225, 152N8
100 _aलाजपतराय
_9156277
245 0 _aयोगिराज श्रीकृष्ण
_b जीवन चरित
246 _aYogirāj shrīkṛuṣhṇa: jīvan charita
260 _aदिल्ली
_b आर्य प्रकाशन मंडल
_c1998
300 _a152पृ.
_ccm.
650 _aहिन्दू धर्म
942 _hQ225, 152N8
_cTEXL
_2CC
999 _c365457
_d365457